[Event "FIDE Chesscom Online Nations Cup"]
[Site "Online"]
[Date "2020.05.09"]
[Round "9"]
[White "So, Wesley"]
[Black "Giri, Anish"]
[Result "1/2-1/2"]
[WhiteElo "2741"]
[BlackElo "2731"]
[Annotator "TA"]
[PlyCount "66"]
[EventDate "2020.05.05"]
[EventType "team-tourn"]
[SourceTitle "playchess.com"]
[Source "ChessBase"]
[SourceQuality "1"]
[WhiteTeam "United States"]
[BlackTeam "Europe"]
[WhiteTeamCountry "USA"]
[BlackTeamCountry "NED"]

{[%evp 31,66,0,18,32,22,-11,-15,-8,0,-40,-40,-27,-50,-31,0,0,0,0,19,22,49,0,2,0,0,0,0,0,-4,-10,0,0,0,0,0,0,0]} 1. d4 Nf6 2. c4 g6 3. Nc3 d5 4. cxd5 Nxd5 5. e4 Nxc3 6. bxc3 Bg7 7. Be3 c5 8. Rc1 Qa5 9. Qd2 cxd4 10. cxd4 Qxd2+ 11. Kxd2 O-O 12. Nf3 Nc6 13. d5 Rd8 14. Ke1 Na5 15. Bg5 Bd7 16. Bd3 Rdc8 17. Ke2 {D85: Exchange Grünfeld: Unusual White 7th moves and lines with 7 Nf3.} e6 18. Bd2 exd5 19. exd5 b6 {[#]} 20. Ba6 $146 ({Predecessor:} 20. Rhe1 Nb7 21. Be3 Nc5 22. Bxc5 Rxc5 23. Rxc5 bxc5 24. Rb1 Re8+ 25. Kf1 Bc8 26. Rb8 {½-½ (37) Dijksman,L (2090)-Ledford,S (2021) IECC email 1999}) 20... Re8+ 21. Be3 Ba4 22. Rc7 Rad8 23. Rxa7 Rxd5 24. Rc1 Nc6 25. Bc4 Bb5 26. Rc7 {[#] aiming for Bxb5.} Nd4+ {The position is equal.} 27. Kf1 {And now Nxd4 would win.} Nxf3 28. gxf3 Bxc4+ 29. R1xc4 b5 30. Rc8 Rdd8 31. Rxd8 Rxd8 32. Rb4 Ra8 33. Rxb5 h5 {Accuracy: White = 78%, Black = 88%.} 1/2-1/2

[Event "FIDE Chesscom Online Nations Cup"]
[Site "Online"]
[Date "2020.05.09"]
[Round "9"]
[White "Karjakin, Sergey"]
[Black "Firouzja, Alireza"]
[Result "0-1"]
[WhiteElo "2709"]
[BlackElo "2703"]
[Annotator "TA"]
[PlyCount "78"]
[EventDate "2020.05.05"]
[EventType "team-tourn"]
[SourceTitle "playchess.com"]
[Source "ChessBase"]
[SourceQuality "1"]
[WhiteTeam "Russia"]
[BlackTeam "World"]
[WhiteTeamCountry "RUS"]

{[%evp 9,78,6,30,0,0,0,0,0,8,0,16,-22,-10,-21,12,14,0,0,0,0,0,-22,0,0,0,0,0,-20,-14,-9,0,-21,-17,-15,-19,-24,-20,-40,-29,-28,-32,-31,0,0,0,-21,-31,-73,-57,-133,-128,-150,-106,-115,-80,-77,-78,-87,-59,-77,-38,-76,-44,-74,-27,-25,-27,-505,-504,-479,-460]} 1. e4 c6 2. d4 d5 3. e5 Bf5 4. Nf3 e6 5. Be2 Ne7 6. Nbd2 {B12: Caro-Kann: Advance Variation.} c5 7. dxc5 Nec6 8. Nb3 {The position is equal.} Bg4 9. O-O Nd7 {[#]} 10. Ne1 $146 ({Predecessor:} 10. Nfd4 Bxe2 11. Qxe2 Nxd4 12. Nxd4 Bxc5 13. Be3 O-O 14. f4 Qc7 15. Rac1 Rac8 16. b3 {0-1 (41) Svidler,P (2751)-Laznicka,V (2676) Tromsoe 2014}) 10... Bxe2 11. Qxe2 Nxc5 12. Nxc5 Bxc5 13. Nd3 Be7 14. Qg4 Kf8 15. Qh5 Kg8 16. Be3 Rc8 17. Rad1 Qa5 18. a3 Qa4 19. c3 a5 20. Bg5 h6 21. Bxe7 Nxe7 22. h3 Nf5 23. Rfe1 Rc4 24. g3 Qc6 25. Qf3 h5 26. Nf4 {[%cal Rf4d5]} g6 27. Rd2 b5 28. Nd3 g5 29. Qg2 (29. Qd1 $15) 29... Kf8 $17 30. Kh2 Ke7 31. Qh1 Rd8 32. Red1 Re4 33. Qg2 Qc4 34. Kg1 Rg8 35. Qh1 Rg6 36. Qg2 {[#]} Nh4 $1 {[%mdl 512]} 37. Qh1 (37. gxh4 gxh4) 37... g4 {And now ...Nf3+ would win.} 38. gxh4 $2 {[%mdl 8192]} (38. b3 $1 $11 Qxb3 39. gxh4) 38... gxh3+ $19 {[%mdl 64] Discovered Attack} 39. Kf1 {[#] aiming for f3.} h2 $1 {Accuracy: White = 71%, Black = 78%.} 0-1

[Event "FIDE Chesscom Online Nations Cup"]
[Site "Online"]
[Date "2020.05.09"]
[Round "9"]
[White "Vidit, Santosh Gujrathi"]
[Black "Wang, Hao"]
[Result "1/2-1/2"]
[WhiteElo "2636"]
[BlackElo "2750"]
[Annotator "TA"]
[PlyCount "60"]
[EventDate "2020.05.05"]
[EventType "team-tourn"]
[SourceTitle "playchess.com"]
[Source "ChessBase"]
[SourceQuality "1"]
[WhiteTeam "India"]
[BlackTeam "China"]
[WhiteTeamCountry "IND"]
[BlackTeamCountry "CHN"]

{[%evp 9,60,27,11,3,20,3,0,12,20,10,17,4,3,10,45,39,30,-5,54,52,59,59,67,60,60,37,66,37,75,61,70,75,55,64,75,63,43,4,4,4,8,4,7,-5,-6,-6,-6,-8,-6,-6,-6,-6,-6]} 1. c4 e5 2. g3 c6 3. Nf3 e4 4. Nd4 d5 5. cxd5 Qxd5 6. Nc2 {A20: English Opening: 1...e5.} Nf6 7. Nc3 Qe5 8. Bg2 Be7 9. Ne3 Na6 10. Qc2 {[%cal Rc3e4]} Nb4 11. Qb1 {[%cal Rc3e4]} Nbd5 12. Nxe4 Nxe3 {[#]} 13. fxe3 $146 ({Predecessor:} 13. dxe3 Bf5 14. Nxf6+ Qxf6 15. e4 Bb4+ 16. Kf1 Bg6 17. h4 h6 18. h5 Bh7 19. Bf4 {1-0 (41) Navara,D (2745)-Balogh,C (2635) Achaea 2016}) 13... Nxe4 ({Better is} 13... Bf5 $11 14. Nxf6+ Qxf6) 14. Qxe4 $14 Qh5 15. Bf3 Qg6 16. Qxg6 hxg6 17. d3 Bf6 18. Rb1 a5 19. Bd2 Be6 20. a3 g5 21. Bc3 g4 22. Bxf6 gxf6 23. Bg2 Ke7 {The position is equal.} 24. O-O Rh5 25. b4 $36 {[%mdl 2048] Black is under pressure.} Rb5 26. Rfc1 axb4 27. Rxb4 Rxb4 28. axb4 Ra2 29. b5 Rxe2 30. bxc6 bxc6 {Accuracy: White = 83%, Black = 80%.} 1/2-1/2

[Event "FIDE Chesscom Online Nations Cup"]
[Site "Online"]
[Date "2020.05.09"]
[Round "9"]
[White "Adhiban, B.."]
[Black "Yu, Yangyi"]
[Result "0-1"]
[WhiteElo "2624"]
[BlackElo "2738"]
[Annotator "TA"]
[PlyCount "66"]
[EventDate "2020.05.05"]
[EventType "team-tourn"]
[SourceTitle "playchess.com"]
[Source "ChessBase"]
[SourceQuality "1"]
[WhiteTeam "India"]
[BlackTeam "China"]
[WhiteTeamCountry "IND"]
[BlackTeamCountry "CHN"]

{[%evp 20,66,0,0,0,0,8,-6,-1,-15,-14,-14,-16,-15,-18,-16,0,-3,0,-8,-14,-33,-39,-77,-60,-56,-50,-61,-42,-117,-116,-204,-204,-325,-333,-313,-306,-337,-327,-327,-310,-370,-396,-562,-533,-29968,-29972,-5413,-534]} 1. c4 c5 2. Nf3 Nf6 3. d4 cxd4 4. Nxd4 e6 5. g3 Bb4+ 6. Nc3 O-O 7. Bg2 d5 8. cxd5 Nxd5 9. Bd2 Nxc3 10. bxc3 Be7 11. O-O e5 {E20: Nimzo-Indian: 4 g3 and 4 f3.} 12. Nc2 Nc6 13. Ne3 Be6 {The position is equal.} 14. c4 Rc8 15. Rb1 b6 16. Nd5 Bc5 17. e3 Qd7 18. Bc3 Rfd8 {[#]} 19. Qe2 $146 ({Predecessor:} 19. Rb2) 19... Bg4 20. Bf3 h5 21. Rbd1 {[#] Threatens to win with Nxb6!} Bxf3 22. Qxf3 {And now Nf6+! would win.} Qg4 $36 {[%mdl 2048] Black has some pressure.} 23. Kg2 f6 24. h3 ({Better is} 24. e4 $15) 24... Qxc4 $17 25. e4 (25. Rd2 $17) 25... Ne7 $19 26. Ba1 (26. Nxe7+ $142 Bxe7 27. Bd2) 26... Nxd5 ({Don't take} 26... Qxa2 27. Nxe7+ Bxe7 28. Qxh5 $19) 27. exd5 Qxa2 28. Qf5 Rc7 29. g4 h4 30. Kh1 {White hopes to continue with g5.} Rf7 31. Rd3 (31. g5 {was necessary.} Rxd5 32. Qc8+ Bf8 33. Qe6) 31... Rxd5 32. Qe6 {[#]} Qe2 $1 {[%mdl 64] Double Attack} 33. Qxd5 Qxf1+ {[%mdl 64] Double Attack. Accuracy: White = 45%, Black = 100%.} 0-1

[Event "FIDE Chesscom Online Nations Cup"]
[Site "Online"]
[Date "2020.05.09"]
[Round "9"]
[White "Hou, Yifan"]
[Black "Harika, Dronavalli"]
[Result "1/2-1/2"]
[WhiteElo "2621"]
[BlackElo "2450"]
[Annotator "TA"]
[PlyCount "117"]
[EventDate "2020.05.05"]
[EventType "team-tourn"]
[SourceTitle "playchess.com"]
[Source "ChessBase"]
[SourceQuality "1"]
[WhiteTeam "China"]
[BlackTeam "India"]
[WhiteTeamCountry "CHN"]
[BlackTeamCountry "IND"]

{[%evp 9,117,16,16,16,16,11,13,20,40,31,39,42,56,48,49,47,57,48,39,43,43,10,17,0,17,-8,-8,-8,-10,-10,38,39,31,31,24,30,43,43,34,5,10,5,9,10,13,0,0,0,43,43,43,43,45,45,59,25,25,25,25,25,25,25,25,25,25,25,25,18,18,18,18,18,20,9,25,25,25,18,25,25,25,24,24,24,24,25,25,25,25,25,25,0,0,0,0,0,0,0,0,0,0,0,0,0,0,0,0,0,0,0]} 1. e4 c5 2. Nc3 Nc6 3. Nge2 Nd4 4. d3 e6 5. Be3 e5 6. Nd5 {B23: Closed Sicilian: Lines without g3.} Ne7 7. Nec3 d6 8. g3 {[#]} Nxd5 $146 ({Predecessor:} 8... h5 9. h3 Be6 10. Bg2 Nxd5 11. exd5 Bd7 12. Ne4 f5 13. Nd2 g5 14. c3 f4 15. gxf4 exf4 16. Bxf4 gxf4 17. cxd4 cxd4 {1-0 (39) Krzyzanowski,A (2356)-Jankowiak,A (2343) ICCF email 2017}) 9. Nxd5 Be6 10. c3 Nc6 11. Bg2 Be7 12. O-O O-O 13. f4 exf4 14. Nxf4 Bg5 15. Kh1 Bxf4 16. Rxf4 Ne5 17. Qh5 Ng6 18. Rf2 Qd7 19. h3 $1 f5 20. exf5 Rxf5 21. Rxf5 Bxf5 22. Rf1 Rf8 23. Kh2 b6 24. Bd5+ Kh8 25. d4 Be6 26. Rxf8+ Nxf8 27. Qf3 Bxd5 28. Qxd5 Qe6 (28... Qe7 {is more complex.} 29. Bf4 cxd4 30. cxd4 Qe2+ 31. Qg2 Qe6) 29. Qxe6 Nxe6 $14 {[%mdl 4096] Endgame KB-KN} 30. d5 Nc7 31. c4 b5 32. b3 bxc4 33. bxc4 Kg8 34. Bf4 Ne8 35. Kg2 Kf7 36. Kf3 Ke7 37. g4 Nc7 38. Ke4 Na8 39. Kd3 Nb6 40. Bg5+ Ke8 41. Kc3 a6 42. Kb3 Kd7 43. a4 {[%cal Ba2a4,Ba4a5][%mdl 32]} Ke8 44. a5 Nd7 45. Kc3 Ne5 46. Bf4 {[#] Threatens to win with Bxe5.} Nf7 $1 47. Kd3 g6 48. Ke4 Ke7 49. h4 Kd7 50. h5 Ke7 {The position is equal.} 51. hxg6 hxg6 52. Bg3 Kd7 53. Ke3 Ke8 54. Bf4 Kd7 55. Kd3 Ke8 56. Ke4 Kd7 57. Kd3 Ke8 58. Ke4 Kd7 59. Kd3 {Accuracy: White = 89%, Black = 96%.} 1/2-1/2

[Event "FIDE Chesscom Online Nations Cup"]
[Site "Online"]
[Date "2020.05.09"]
[Round "9"]
[White "Amin, Bassem"]
[Black "Andreikin, Dmitry"]
[Result "0-1"]
[WhiteElo "2608"]
[BlackElo "2740"]
[Annotator "TA"]
[PlyCount "74"]
[EventDate "2020.05.05"]
[EventType "team-tourn"]
[SourceTitle "playchess.com"]
[Source "ChessBase"]
[SourceQuality "1"]
[WhiteTeam "World"]
[BlackTeam "Russia"]
[WhiteTeamCountry "EGY"]
[BlackTeamCountry "RUS"]

{[%evp 12,74,23,6,29,13,30,24,32,30,39,-6,-25,-18,103,101,87,82,85,50,107,41,59,22,21,29,32,32,32,14,15,16,114,114,116,114,122,118,148,144,145,-213,-195,-273,-255,-29984,-29985,-29987,-29988,-29988,-360,-1221,-1221,-29988,-29988,-29989,-29989,-29989,-29990,-29990,-29991,-29991,-29992,-29996,-29997]} 1. e4 e5 2. Nf3 Nc6 3. Bc4 Bc5 4. O-O Nf6 5. d3 d6 6. c3 h6 7. Re1 a6 {C54: Giuoco Piano: 4 c3 Nf6, main lines with 5 d4 and 5 d3.} 8. Bb3 Ba7 9. Nbd2 g5 {White has an edge.} 10. Nc4 g4 11. Nfd2 h5 12. Nf1 g3 $5 {[%mdl 4] [#] Exploring less charted territory.} (12... h4 $1 $11) 13. Nxg3 $146 ({Predecessor:} 13. hxg3 Bg4 14. Qc2 h4 15. Be3 h3 16. f3 hxg2 17. Qxg2 Bh3 18. Qh2 Rh7 19. Bxa7 Bxf1 {0-1 (31) Rakhmangulova,A (2219)-Bordovsky,V (2351) Mukachevo 2018}) 13... Bg4 14. Qc2 $36 {[%mdl 2048] White is really pushing.} Rg8 15. Ne3 Qd7 ({Black should play} 15... Bxe3 $1 $14 16. Bxe3 h4) 16. Ngf5 (16. Nef5 $16) 16... Bxe3 $1 $14 17. Rxe3 {White wants to play Nh6.} ({Don't go for} 17. Nxe3 $2 Bf3 $19) 17... Bxf5 18. exf5 O-O-O {[%cal Ba8d8,Bd8g8,Bg8g4,Bg4f4][%mdl 32]} 19. Qe2 d5 20. Ba4 d4 ({Of course not} 20... Qxf5 $6 21. Bxc6 bxc6 22. Rxe5 $18) 21. Rg3 ({Not} 21. Rxe5 $2 b5 $19) 21... h4 (21... Rxg3 $11 {keeps the balance.} 22. hxg3 dxc3) 22. Rxg8 $16 Rxg8 23. Qf3 b5 24. Bb3 e4 25. dxe4 {Threatens to win with e5!} Ne5 26. Qf4 $2 {[%mdl 8192] Now White is beyond hope.} (26. Qh3 $1 $16 {is necessary to keep the advantage.}) 26... Rg4 $1 $19 {[%cal Rg4f4]} 27. Qh6 (27. Qxe5 {might work better.} Rxe4 28. Bf4 Rxe5 29. Bxe5 Qxf5 30. Bxd4) 27... Nf3+ $1 28. Kh1 $2 (28. Kf1 $19 Nxh2+ 29. Kg1) 28... Nxe4 {[%cal Re4f2][%mdl 64] Double Attack} 29. Be3 dxe3 30. Qxe3 {[#]} Qd2 $1 31. Qxf3 $2 {[#]} (31. Qxd2 Nfxd2 32. h3 Nxf2+ 33. Kh2 Nxb3 34. axb3) 31... Rf4 $1 32. Qh5 Nxf2+ {Black mates.} 33. Kg1 Qe3 34. Qh8+ Kb7 35. Bd5+ c6 36. Bxc6+ Kc7 37. h3 Nd1+ {[%mdl 64] Discovered Attack. Accuracy: White = 44%, Black = 75%.} 0-1

[Event "FIDE Chesscom Online Nations Cup"]
[Site "Online"]
[Date "2020.05.09"]
[Round "9"]
[White "Girya, Olga"]
[Black "Muzychuk, Mariya"]
[Result "1-0"]
[WhiteElo "2471"]
[BlackElo "2506"]
[Annotator "TA"]
[PlyCount "131"]
[EventDate "2020.05.05"]
[EventType "team-tourn"]
[SourceTitle "playchess.com"]
[Source "ChessBase"]
[SourceQuality "1"]
[WhiteTeam "Russia"]
[BlackTeam "World"]
[WhiteTeamCountry "RUS"]
[BlackTeamCountry "UKR"]

{[%evp 13,131,37,20,19,20,22,67,64,61,59,59,25,64,66,77,74,72,64,66,66,70,70,77,66,68,78,79,79,81,72,66,67,61,55,60,52,57,60,88,86,81,79,94,70,62,62,62,62,120,120,134,133,128,129,167,167,152,138,189,189,196,189,233,218,232,208,279,277,256,254,262,256,311,310,310,0,296,296,288,262,258,262,255,247,240,240,255,255,255,244,237,238,308,295,425,407,331,316,5019,5129,1720,1432,1528,1516,1474,1297,1282,1274,889,577,29984,29985,29989,1954,29985,29986,29986,29987,29993,29994]} 1. d4 d5 2. c4 c6 3. Nf3 Nf6 4. e3 e6 5. Nbd2 Nbd7 6. b3 Bd6 7. Bb2 O-O 8. Bd3 {D30: Queen's Gambit Declined: Systems without Nc3.} Qe7 9. Ne5 Bb4 10. O-O {White is slightly better.} Nxe5 11. dxe5 Nd7 12. Nf3 {[#]} Nc5 $146 ({Predecessor:} 12... Rd8 13. Qc2 h6 14. a3 Ba5 15. b4 Bc7 16. Rfd1 dxc4 17. Qxc4 a5 18. h4 axb4 19. axb4 Rxa1 20. Rxa1 {½-½ (51) Taimanov,M (2495)-Ivanov,S (2465) Leningrad 1989}) 13. Bb1 {a3 is the strong threat.} Ne4 14. a3 Ba5 15. b4 Bc7 16. Bxe4 dxe4 17. Nd2 Rd8 18. Qe2 f5 19. exf6 $1 Qd6 {[%csl Gc7][%cal Rd6h2][%mdl 64] [#] Double Attack} 20. Qh5 Qxh2+ 21. Qxh2 Bxh2+ 22. Kxh2 Rxd2 23. Be5 gxf6 24. Bxf6 e5 25. Rfd1 $36 {[%mdl 2048] Black is under pressure.} Rd3 26. Bxe5 Be6 27. c5 a5 28. Bd6 Kf7 29. bxa5 Rxa5 30. Rdb1 Rb3 (30... Rb5 $14) 31. a4 $16 {[%cal Ba3a4,Ba4a5][%mdl 32]} Ra7 32. Rxb3 Bxb3 {[%mdl 4096] Endgame KRB-KRB} 33. a5 Ke6 34. Bb8 Ra8 35. Rb1 Bc4 (35... Rxb8 $16 36. Rxb3 Rf8) 36. Rxb7 $18 Rxa5 {[#]} 37. Bd6 $1 (37. Rxh7 $6 Rxc5 38. Rh6+ Kf7 $16) 37... Ra2 38. Kg3 ({Weaker is} 38. Rxh7 Rxf2 39. Kg3 Rf7 $16) 38... h5 39. Rh7 Be2 40. Re7+ Kf5 41. Re5+ Kf6 42. Rxe4 Ra8 43. Rf4+ Ke6 44. Re4+ Kf6 $1 45. f3 Ra2 46. Rh4 Kg6 47. Kf4 Bd1 48. g4 hxg4 49. Rxg4+ ({But not} 49. fxg4 $6 Ra4+ 50. Kg3 Rc4 $16) 49... Kf7 50. Kg3 Ra3 51. Re4 Kf6 52. Re8 Bc2 53. Kf4 Ra4+ (53... Bd1 $142 54. Be5+ Kf7) 54. e4 Bd1 55. Rf8+ Ke6 $2 (55... Kg7 56. Rd8 Be2) 56. Kg5 Ra3 57. Re8+ Kd7 58. Re7+ Kd8 59. f4 Rg3+ 60. Kf6 Bc2 61. f5 Rg4 62. e5 Rf4 63. Rg7 (63. Rb7 $142 Bxf5 64. e6 Bxe6+ 65. Kxe6 Re4+ 66. Be5 Rxe5+ 67. Kxe5 Kc8 68. Rh7) 63... Rxf5+ 64. Ke6 {White mates.} Kc8 65. Rc7+ {[%mdl 64] Double Attack} Kd8 66. Rb7 {Accuracy: White = 87%, Black = 63%.} 1-0

[Event "FIDE Chesscom Online Nations Cup"]
[Site "Online"]
[Date "2020.05.09"]
[Round "9"]
[White "Dzagnidze, Nana"]
[Black "Krush, Irina"]
[Result "1-0"]
[WhiteElo "2447"]
[BlackElo "2392"]
[Annotator "TA"]
[PlyCount "105"]
[EventDate "2020.05.05"]
[EventType "team-tourn"]
[SourceTitle "playchess.com"]
[Source "ChessBase"]
[SourceQuality "1"]
[WhiteTeam "Europe"]
[BlackTeam "United States"]
[WhiteTeamCountry "GEO"]
[BlackTeamCountry "USA"]

{[%evp 21,105,35,27,0,0,0,18,18,33,30,22,28,10,22,38,20,27,20,53,53,61,43,50,42,61,53,65,68,76,70,90,76,81,84,83,79,170,155,172,169,153,161,148,79,169,0,395,366,323,275,318,352,481,430,457,398,1163,1145,1071,140,1018,992,917,870,1206,1271,3444,2606,2208,2170,29978,29979,29984,29985,29985,29986,29986,29987,29987,29988,29988,29989,29994,29995,29995,29996]} 1. e4 c5 2. Nf3 d6 3. Bb5+ Bd7 4. Bxd7+ Qxd7 5. c4 g6 6. Nc3 Bg7 7. d4 cxd4 8. Nxd4 Nf6 9. f3 O-O 10. Be3 Nc6 11. O-O a6 12. a4 {12.Qd3 is more advanced technology. B52: Sicilian: Moscow Variation with 3...Bd7.} Qc7 13. b3 Qa5 14. Qd2 {[#] The position is equal.} Nxd4 $146 ({Predecessor:} 14... Rfc8 15. Rfd1 Rab8 16. Rab1 Nd7 17. Nde2 Qd8 18. Kh1 Nc5 19. Nd5 e6 20. Ndc3 Bf8 {½-½ (57) Tiviakov,S (2686)-Ivanchuk,V (2786) Benidorm 2008}) 15. Bxd4 Nd7 16. Rfd1 Bxd4+ 17. Qxd4 Nf6 18. Nd5 Nxd5 19. exd5 Qc5 20. Qxc5 dxc5 $14 {[%mdl 4096] Endgame KRR-KRR} 21. a5 Rfd8 22. Re1 Rd7 23. Kf2 Kg7 24. g4 g5 25. Kg3 Kf6 26. f4 h6 27. h4 gxh4+ 28. Kxh4 e6 (28... Rb8 $16) 29. dxe6 $18 fxe6 {[#]} 30. Re5 $1 Rc8 31. Rae1 Rc6 {[#]} 32. Kh5 (32. g5+ $142 $1 hxg5+ 33. fxg5+ Kf7 34. Kh5) 32... Rd3 (32... Rd2 $16 {keeps fighting.} 33. g5+ (33. Kxh6 Rh2+ 34. Rh5 Rc8 $11) 33... Kf7) 33. Kxh6 $2 (33. g5+ $18 hxg5 34. fxg5+ Kf7 35. R5e3) 33... Rxb3 $2 {[%mdl 8192]} (33... Rh3+ $11 {and Black is okay.} 34. Rh5 Rc8) 34. g5+ Kf7 {[%cal Rb3h3]} 35. Kh5 Rh3+ 36. Kg4 Rc3 37. Rh1 Rxc4 38. Rh7+ Kg6 $2 (38... Kf8 39. g6 (39. Rxb7 Rb4 $16) 39... Kg8) 39. Re7 Rb4 40. R5xe6+ Rxe6 {Black cannot hold the game after this.} 41. Rxe6+ {KR-KR} Kf7 42. Rf6+ Kg7 43. Rd6 Rb5 44. Rd7+ Kf8 45. g6 c4 46. Rc7 {White mates.} Rxa5 47. f5 Ra1 48. f6 {[%cal Rc7c8]} Rg1+ {[#]} 49. Kf5 $1 {[%cal Rc7c8][%mdl 512]} Rf1+ {[#]} 50. Ke6 $1 {[%cal Rc7c8][%mdl 512]} Re1+ {[#]} 51. Kd5 $1 {[%mdl 512]} c3 52. g7+ Kg8 53. Rc8+ {Accuracy: White = 86%, Black = 55%.} 1-0

[Event "FIDE Chesscom Online Nations Cup"]
[Site "Online"]
[Date "2020.05.09"]
[Round "10"]
[White "Vachier-Lagrave, Maxime"]
[Black "Radjabov, Teimour"]
[Result "1/2-1/2"]
[WhiteElo "2860"]
[BlackElo "2758"]
[Annotator "TA"]
[PlyCount "61"]
[EventDate "2020.05.05"]
[EventType "team-tourn"]
[SourceTitle "playchess.com"]
[Source "ChessBase"]
[SourceQuality "1"]
[WhiteTeam "Europe"]
[BlackTeam "World"]
[WhiteTeamCountry "FRA"]
[BlackTeamCountry "AZE"]

{[%evp 18,61,24,18,7,8,40,8,10,12,12,0,0,0,9,0,2,0,9,6,8,8,8,8,8,8,8,8,7,-30,-10,-38,-45,-45,-43,-42,-45,-46,-39,-38,-12,-17,-14,-14,0,-23]} 1. d4 Nf6 2. c4 e6 3. Nf3 d5 4. Nc3 Be7 5. Bf4 O-O 6. e3 Nbd7 7. Be2 dxc4 8. O-O c5 9. dxc5 Nxc5 10. Bxc4 Qxd1 {D37: Queen's Gambit Declined: 5 Bf4.} 11. Rfxd1 b6 12. Nd4 {[#] And now Nc6 would win.} Bb7 13. Rac1 a6 {[#]} 14. a3 $146 ({Predecessor:} 14. b4 Nce4 15. Nxe4 Bxe4 16. f3 Bd5 17. Bxd5 Nxd5 18. Nc6 Bf6 19. Bd6 Nc3 20. Bxf8 Kxf8 21. Rxc3 Bxc3 {½-½ (31) Swiercz,D (2646)-Howell,D (2688) Doha 2015}) 14... Rac8 15. b4 Ncd7 16. Be2 Rfe8 {[#] Hoping for ...e5.} 17. Bg3 Bf8 18. Nb3 e5 19. Bh4 h6 20. Bxf6 Nxf6 21. Na4 Rxc1 22. Rxc1 Bd5 23. Bd1 Rb8 24. Nd2 a5 25. Rb1 {Threatening bxa5.} axb4 26. axb4 Ne4 27. Nxe4 Bxe4 28. Rb2 b5 29. Nc5 {The position is equal.} Bxc5 30. bxc5 Bd3 31. Bc2 {Accuracy: White = 82%, Black = 88%.} 1/2-1/2

[Event "FIDE Chesscom Online Nations Cup"]
[Site "Online"]
[Date "2020.05.09"]
[Round "10"]
[White "Ding, Liren"]
[Black "Nakamura, Hikaru"]
[Result "1-0"]
[WhiteElo "2836"]
[BlackElo "2829"]
[Annotator "TA"]
[PlyCount "131"]
[EventDate "2020.05.05"]
[EventType "team-tourn"]
[SourceTitle "playchess.com"]
[Source "ChessBase"]
[SourceQuality "1"]
[WhiteTeam "China"]
[BlackTeam "United States"]
[WhiteTeamCountry "CHN"]
[BlackTeamCountry "USA"]

{[%evp 12,131,23,9,15,7,13,15,26,19,12,2,26,13,19,18,37,16,14,0,15,14,0,9,4,0,8,8,27,28,41,54,34,14,19,12,13,12,24,26,21,29,79,79,78,77,81,81,83,83,320,83,80,77,78,78,77,79,93,93,102,102,109,91,94,0,110,110,110,94,108,94,96,82,88,91,116,50,206,221,351,325,1926,1795,1460,1227,12837,12837,12838,12838,12839,12839,12839,12840,12842,12841,12845,12845,12850,12845,12845,12845,12847,12846,12849,12847,12850,12850,12850,12851,12851,27999,12851,27999,12851,27999,12851,27999,12851,29980,12851,27999]} 1. e4 e5 2. Nf3 Nc6 3. Bc4 Bc5 4. d3 Nf6 5. c3 d6 6. O-O h6 7. Re1 O-O {C54: Giuoco Piano: 4 c3 Nf6, main lines with 5 d4 and 5 d3.} 8. Nbd2 a5 {8...Ne7 is the modern continuation. Played by Hikaru Nakamura in April 2020.} 9. Nf1 Be6 {The position is equal.} 10. Bb5 Bb6 11. Ng3 Ne7 12. h3 Nd7 13. d4 {Threatening d5.} f5 {[#]} 14. dxe5 $5 $146 {[%mdl 8] An interesting novelty.} (14. Bxd7 $5 Qxd7 15. exf5 Nxf5 16. Nxf5 Rxf5 17. dxe5 $14) ({Predecessor:} 14. exf5 Nxf5 15. Nxf5 Rxf5 16. Bd3 Rf8 17. Be3 Bd5 18. Nh2 exd4 19. cxd4 Nf6 20. Ng4 {½-½ (44) So,W (2767)-Nakamura,H (2745) chess.com INT 2020}) 14... Nxe5 15. Nd4 Bc8 16. exf5 Nxf5 17. Ngxf5 Bxf5 18. Be3 Bd7 19. f4 Bxd4 20. Bxd4 Bxb5 21. fxe5 {Qb3+ is the strong threat.} Bc6 22. Qg4 $36 {[%mdl 2048] And now exd6 would win. White has the initiative.} dxe5 23. Rxe5 Qd7 24. Qg3 {White wants to play Rae1.} Rae8 25. Rae1 {Black must now prevent Rxe8.} Rxe5 26. Rxe5 a4 {[#]} 27. Re6 $3 {[%mdl 512]} Kh7 (27... Qxe6 28. Qxg7#) 28. Qd3+ $1 Kg8 {[#]} 29. Rxh6 $1 {[%mdl 512]} Qf5 (29... gxh6 30. Qg6+) 30. Qg3 {[%csl Gd4][%cal Rg3g7]} Qf1+ 31. Kh2 {[%csl Gd4][%cal Rg3g7]} Qf4 {[#]} 32. Rg6 $1 Qxg3+ 33. Kxg3 $16 {[%mdl 4096] Endgame KRB-KRB} Rf7 34. Rg5 Kh7 35. b4 a3 36. Ra5 Re7 37. Kf2 Rf7+ 38. Kg3 Re7 $1 39. Rxa3 Re2 40. Ra5 Rxg2+ 41. Kf4 Re2 42. Rh5+ Kg8 43. b5 Re4+ {[#]} 44. Kf5 (44. Kg3 $1 $16 Be8 45. Rg5) 44... g6+ $2 (44... Bd5 $14) 45. Kxg6 $18 {[%csl Gd4][%cal Rh5h8]} Be8+ (45... Re6+ $142 46. Kf5 Bd7) 46. Kf5 Bxh5 $2 (46... Re1) 47. Kxe4 {KB-KB} Be2 {[#]} 48. a4 $1 {[%cal Ba2a4,Ba4a5][%mdl 32]} Bd1 49. a5 Be2 50. Be5 Bxb5 51. Bxc7 Kf7 52. Kd5 Ke7 53. Kc5 Be2 54. Kb6 Bf3 55. c4 Kd7 56. c5 Kc8 57. h4 Be2 58. Bf4 Bf3 59. a6 bxa6 60. Kxa6 Kd7 61. Kb6 Kc8 62. c6 Bh5 63. Kc5 Bg4 64. Kd6 Kd8 65. c7+ Ke8 {[#]} 66. h5 $1 {Accuracy: White = 97%, Black = 79%.} 1-0